| 000 | 00470nam a2200157 a 4500 | ||
|---|---|---|---|
| 001 | 000033275 | ||
| 005 | 20200930070138.0 | ||
| 008 | 110823s1990 dr a 000 0 spa d | ||
| 040 |
_aDO-SdBNP _bspa _cBNPHU |
||
| 082 |
_axxxx _bR426 c |
||
| 110 | 1 |
_aRepública Dominicana. _bCentro de Solidaridad para el Desarrollo de la Mujer _958883 |
|
| 245 | 1 | 0 | _aCanciones a la mujer. |
| 260 |
_aSanto Domingo : _bBúho, _c1990. |
||
| 300 |
_a22 p. : _bil. ; _c21 cm. |
||
| 049 | _aBNPD | ||
| 999 |
_c32766 _d32766 |
||